The World Cafe shaping our futures through conversations that matter /

Bibliographic Details
Main Author: Brown, Juanita, 1944-
Corporate Author: ProQuest (Firm)
Other Authors: Isaacs, David, 1938-
Format: Electronic eBook
Language:English
Published: San Francisco, CA : Berrett-Koehler Publishers, c2005.
Edition:1st ed.
Subjects:
Online Access:Click to View
LEADER 01435nam a22003734a 4500
001 EBC483738
003 MiAaPQ
005 20200520144314.0
006 m o d |
007 cr cn|||||||||
008 041022s2005 caua sb 001 0 eng
010 |z  2004062386 
035 |a (MiAaPQ)EBC483738 
035 |a (Au-PeEL)EBL483738 
035 |a (CaPaEBR)ebr10315429 
035 |a (CaONFJC)MIL229885 
035 |a (OCoLC)503006740 
040 |a MiAaPQ  |c MiAaPQ  |d MiAaPQ 
050 4 |a HM751  |b .B76 2005 
082 0 4 |a 302.3/46  |2 22 
100 1 |a Brown, Juanita,  |d 1944- 
245 1 4 |a The World Cafe  |h [electronic resource] :  |b shaping our futures through conversations that matter /  |c Juanita Brown with David Isaacs and the World Cafe community. 
250 |a 1st ed. 
260 |a San Francisco, CA :  |b Berrett-Koehler Publishers,  |c c2005. 
300 |a xiii, 242 p. :  |b ill. 
504 |a Includes bibliographical references (p. 230-235) and index. 
533 |a Electronic reproduction. Ann Arbor, MI : ProQuest, 2015. Available via World Wide Web. Access may be limited to ProQuest affiliated libraries. 
650 0 |a Group facilitation. 
650 0 |a Communication in social action. 
650 0 |a Conversation  |x Social aspects. 
655 4 |a Electronic books. 
700 1 |a Isaacs, David,  |d 1938- 
710 2 |a ProQuest (Firm) 
856 4 0 |u https://ebookcentral.proquest.com/lib/matrademy/detail.action?docID=483738  |z Click to View